|
|
|
|
| LEADER |
01569nam a2200397 a 4500 |
| 001 |
000765982 |
| 003 |
CZ BrMZK |
| 005 |
20050504164727.0 |
| 007 |
ta |
| 008 |
050308s2003 xr er 000 0 eng d |
| 015 |
|
|
|a cnb001501548
|
| 020 |
|
|
|a 80-7315-067-0
|q (brož.)
|
| 035 |
|
|
|a (OCoLC)85138365
|
| 040 |
|
|
|a BOA001
|b cze
|
| 041 |
1 |
|
|a eng
|h cze
|
| 072 |
|
7 |
|a 796
|x Sport. Hry. Tělesná cvičení
|2 Konspekt
|9 20
|
| 080 |
|
|
|a 796.012.6
|2 MRF
|
| 080 |
|
|
|a 316.344.6-056.26/.29
|2 MRF
|
| 080 |
|
|
|a (048.8)
|2 MRF
|
| 100 |
1 |
|
|a Kopřivová, Jitka,
|d 1953-
|7 ola2003206227
|4 aut
|
| 245 |
1 |
0 |
|a Physical educational activities in relationship to individual types of handicaps /
|c Jitka Kopřivová, Jarmila Pipeková ; [translation Robert Dvořák]
|
| 260 |
|
|
|a Brno :
|b Paido,
|c 2003
|
| 300 |
|
|
|a 23 s. ;
|c 21 cm
|
| 500 |
|
|
|a Publikace vznikla v rámci výzkumné a publikační činnosti Fakulty sportovních studií Masarykovy univerzity v Brně
|
| 500 |
|
|
|a Přeloženo z češtiny
|
| 500 |
|
|
|a Anglicko-český slovníček
|
| 504 |
|
|
|a Obsahuje bibliografii
|
| 650 |
0 |
7 |
|a tělesná výchova
|7 ph116513
|2 czenas
|
| 650 |
0 |
7 |
|a tělesně postižení
|7 ph126837
|2 czenas
|
| 655 |
|
7 |
|a studie
|7 fd133597
|2 czenas
|
| 700 |
1 |
|
|a Pipeková, Jarmila,
|d 1955-
|7 xx0001377
|4 aut
|
| 910 |
|
|
|a BOA001
|b 2-1145.788
|
| 990 |
|
|
|a BK
|
| 991 |
|
|
|b 200505
|c NOV
|
| 996 |
6 |
|
|b 2610246123
|c 2-1145.788
|l MZK
|r Sklad / do 1 hodiny
|n 2
|p p.v.
|w 000765982
|u 000010
|a 1
|e BOA001
|j MZK50
|s P
|
| 996 |
7 |
|
|b 2610246124
|c 2-1145.788
|l MZK
|r Sklad / do 1 hodiny
|n 8
|p p.v.
|w 000765982
|u 000020
|a 1
|e BOA001
|j MZK50
|s A
|